La oralidad en el proceso civil (Record no. 156242)

MARC details
000 -LEADER
fixed length control field 00796nam a22001937a 4500
005 - DATE AND TIME OF LATEST TRANSACTION
control field 20210625141334.0
008 - FIXED-LENGTH DATA ELEMENTS--GENERAL INFORMATION
fixed length control field 210617b py ||||| |||| 00| 0 spa d
050 04 - LIBRARY OF CONGRESS CALL NUMBER
Classification number KH514
Item number S26 2003
100 1# - MAIN ENTRY--PERSONAL NAME
Personal name Augusto Sanabria, César
245 13 - TITLE STATEMENT
Title La oralidad en el proceso civil
Remainder of title : consideraciones generales, antecedentes históricos, situación del juicio oral en la actualidad, necesidad de la reestructuración del proceso, conclusiones
Statement of responsibility, etc / César Augusto Sanabria
250 ## - EDITION STATEMENT
Edition statement 1a ed.
260 ## - PUBLICATION, DISTRIBUTION, ETC. (IMPRINT)
Place of publication, distribution, etc Asunción, Paraguay :
Name of publisher, distributor, etc Internacional editora,
Date of publication, distribution, etc 2003
300 ## - PHYSICAL DESCRIPTION
Extent 196 p. ;
Dimensions 22 cm.
504 ## - BIBLIOGRAPHY, ETC. NOTE
Bibliography, etc Bibliografía : 187-196
650 #7 - SUBJECT ADDED ENTRY--TOPICAL TERM
Source of heading or term lemb
Topical term or geographic name as entry element Alegatos (Derecho)
Geographic subdivision América del Sur
650 #7 - SUBJECT ADDED ENTRY--TOPICAL TERM
Source of heading or term lemb
Topical term or geographic name as entry element Procedimiento civil
Geographic subdivision América del Sur
650 #7 - SUBJECT ADDED ENTRY--TOPICAL TERM
Source of heading or term lemb
Topical term or geographic name as entry element Derecho comparado
942 ## - ADDED ENTRY ELEMENTS (KOHA)
Source of classification or shelving scheme Biblioteca del Cogreso de los Estados Unidos
Koha item type Libro
Holdings
Estado de pérdida Fuente de clasificación Estado del daño No para préstamo Ubicación permanente Ubicación actual Apartado o colección Fecha de adquisición Edición Dependencia de educación superior (DES) Área del conocimiento Total Checkouts Clasificación Código de Barras Date last seen Número de copia Costo por reposición Tipo de recurso
  Biblioteca del Cogreso de los Estados Unidos     Biblioteca del Posgrado en Derecho Biblioteca del Posgrado en Derecho Colección Ernesto Villanueva 17/06/2021 1a ed. Derecho Ciencias Sociales y Administrativas   KHP2634 S26 2003 BPD000001702 17/06/2021 1 1.00 Libro